书目信息 |
| 题名: |
建设后方
|
|
| 作者: | 曾勋 编写 | |
| 分册: | ||
| 出版信息: | 长春 吉林出版集团有限责任公司 2011.03 |
|
| 页数: | 119页 | |
| 开本: | 21cm | |
| 丛书名: | ||
| 单 册: | ||
| 中图分类: | I253 , E25 | |
| 科图分类: | ||
| 主题词: | 国防建设--中国--现代 , 经济建设--中国--现代 , 报告文学--中国--现代 , 国防建设 , 经济建设 , 报告文学 | |
| 电子资源: | ||
| ISBN: | 978-7-5463-2650-4 | |
| 000 | 00966nam0 22003251 450 | |
| 001 | 004524442 | |
| 005 | 20111228105712.07 | |
| 010 | @a978-7-5463-2650-4@dCNY22.00 | |
| 096 | @aI253.3@bzx | |
| 100 | @a20100517d2011 em y0chiy50 ea | |
| 101 | 0 | @achi |
| 102 | @aCN@b220000 | |
| 105 | @ay z 000zy | |
| 200 | 1 | @a建设后方@9jian she hou fang@e全国三线建设掀起高潮@f曾勋编写 |
| 210 | @a长春@c吉林出版集团有限责任公司@d2011.03 | |
| 215 | @a119页@d21cm | |
| 300 | @a共和国故事 | |
| 330 | @a本书内容包括:中央战略决策、大搞基地建设、加快军工生产、强化领导职能。 | |
| 517 | 1 | @a全国三线建设掀起高潮@9quan guo san xian jian she xian qi gao chao |
| 606 | 0 | @a国防建设@y中国@z现代 |
| 606 | 0 | @a经济建设@y中国@z现代 |
| 606 | 0 | @a报告文学@y中国@z现代 |
| 606 | 0 | @a国防建设 |
| 606 | 0 | @a经济建设 |
| 606 | 0 | @a报告文学 |
| 690 | @aI253@v4 | |
| 690 | @aE25@v4 | |
| 701 | 0 | @a曾勋@9zeng xun@4编写 |
| 801 | 0 | @c20111228 |
| 905 | @aZUCC@dI253@eZ029@f3 | |
| 建设后方:全国三线建设掀起高潮/曾勋编写.-长春:吉林出版集团有限责任公司,2011.03 |
| 119页;21cm |
| 共和国故事 |
| ISBN 978-7-5463-2650-4:CNY22.00 |
| 本书内容包括:中央战略决策、大搞基地建设、加快军工生产、强化领导职能。 |
| ● |
| 相关链接 |
|
|
|
正题名:建设后方
索取号:I253/Z029
 
预约/预借
| 序号 | 登录号 | 条形码 | 馆藏地/架位号 | 状态 | 备注 |
| 1 | 1184411 | 211844110 | 文学库108/108文学库 67排5列5层/ [索取号:I253/Z029] | 在馆 | |
| 2 | 1184412 | 211844129 | 文学库108/108文学库 67排5列5层/ [索取号:I253/Z029] | 在馆 | |
| 3 | 1184413 | 211844138 | 文学库108/108文学库 67排5列5层/ [索取号:I253/Z029] | 在馆 |